[Event "English Open Championship 2024"]
[Site "Holiday Inn, 212 Abbey End, Kenilworth CV8 1ED, United Kingdom"]
[Date "2024.06.22"]
[Round "6.3"]
[White "Ghasi, Ameet K"]
[Black "Bates, Richard A"]
[Result "1/2-1/2"]
[TimeControl "G90 + 30secs/move"]
[WhiteFideId "409200"]
[BlackFideId "403555"]
[WhiteElo "2496"]
[BlackElo "2312"]

1. Nf3 {[%clk 01:29:32]} {[%emt 00:01:27]} c5 {[%clk 01:28:14]} {[%emt
00:02:47]} 2. g3 {[%clk 01:29:57]} {[%emt 00:00:05]} g6 {[%clk 01:28:22]}
{[%emt 00:00:22]} 3. Bg2 {[%clk 01:30:23]} {[%emt 00:00:05]} Bg7 {[%clk
01:28:45]} {[%emt 00:00:07]} 4. c4 {[%clk 01:29:29]} {[%emt 00:01:24]} Nc6
{[%clk 01:27:32]} {[%emt 00:01:43]} 5. Nc3 {[%clk 01:28:39]} {[%emt 00:01:20]}
d6 {[%clk 01:26:34]} {[%emt 00:01:28]} 6. O-O {[%clk 01:28:44]} {[%emt
00:00:25]} e5 {[%clk 01:24:13]} {[%emt 00:02:52]} 7. a3 {[%clk 01:24:34]}
{[%emt 00:04:40]} Nge7 {[%clk 01:17:37]} {[%emt 00:07:05]} 8. Rb1 {[%clk
01:23:35]} {[%emt 00:01:29]} a5 {[%clk 01:12:16]} {[%emt 00:05:51]} 9. d3
{[%clk 01:23:32]} {[%emt 00:00:32]} O-O {[%clk 01:12:23]} {[%emt 00:00:23]} 10.
Ne1 {[%clk 01:22:55]} {[%emt 00:01:07]} Be6 {[%clk 01:05:07]} {[%emt 00:07:46]}
11. Bg5 {[%clk 01:21:23]} {[%emt 00:02:02]} f6 {[%clk 01:04:44]} {[%emt
00:00:52]} 12. Be3 {[%clk 01:19:31]} {[%emt 00:02:23]} Rb8 {[%clk 01:02:55]}
{[%emt 00:02:18]} 13. Nc2 {[%clk 01:17:07]} {[%emt 00:02:54]} Qd7 {[%clk
00:52:58]} {[%emt 00:10:28]} 14. b4 {[%clk 01:12:41]} {[%emt 00:04:53]} axb4
{[%clk 00:46:17]} {[%emt 00:07:13]} 15. axb4 {[%clk 01:12:12]} {[%emt
00:01:00]} b6 {[%clk 00:46:40]} {[%emt 00:00:06]} 16. Qd2 {[%clk 00:59:31]}
{[%emt 00:13:11]} Nd4 {[%clk 00:43:07]} {[%emt 00:04:03]} 17. Rb2 {[%clk
00:53:54]} {[%emt 00:06:08]} d5 {[%clk 00:33:42]} {[%emt 00:09:54]} 18. cxd5
{[%clk 00:46:24]} {[%emt 00:08:01]} Nxd5 {[%clk 00:33:42]} {[%emt 00:00:30]} 19.
Nxd5 {[%clk 00:46:17]} {[%emt 00:00:35]} Bxd5 {[%clk 00:32:56]} {[%emt
00:01:18]} 20. Bxd5+ {[%clk 00:36:36]} {[%emt 00:10:11]} Qxd5 {[%clk 00:33:17]}
{[%emt 00:00:09]} 21. Rfb1 {[%clk 00:35:56]} {[%emt 00:01:10]} Ra8 {[%clk
00:28:23]} {[%emt 00:05:24]} 22. bxc5 {[%clk 00:30:06]} {[%emt 00:06:20]} bxc5
{[%clk 00:28:39]} {[%emt 00:00:14]} 23. Rb7 {[%clk 00:25:20]} {[%emt 00:05:16]}
Rf7 {[%clk 00:26:55]} {[%emt 00:02:14]} 24. Rxf7 {[%clk 00:23:31]} {[%emt
00:02:19]} Kxf7 {[%clk 00:26:08]} {[%emt 00:01:17]} 25. Qd1 {[%clk 00:22:32]}
{[%emt 00:01:29]} f5 {[%clk 00:19:09]} {[%emt 00:07:28]} 26. Bxd4 {[%clk
00:19:45]} {[%emt 00:03:18]} cxd4 {[%clk 00:16:24]} {[%emt 00:03:15]} 27. Nb4
{[%clk 00:15:13]} {[%emt 00:05:02]} Qe6 {[%clk 00:16:31]} {[%emt 00:00:23]} 28.
Rc1 {[%clk 00:14:44]} {[%emt 00:00:58]} Rc8 {[%clk 00:16:28]} {[%emt 00:00:33]}
29. Rxc8 {[%clk 00:14:48]} {[%emt 00:00:27]} Qxc8 {[%clk 00:16:44]} {[%emt
00:00:14]} 30. Qb3+ {[%clk 00:15:13]} {[%emt 00:00:04]} Qe6 {[%clk 00:16:25]}
{[%emt 00:00:50]} 31. Nd5 {[%clk 00:15:32]} {[%emt 00:00:11]} Bf8 {[%clk
00:15:20]} {[%emt 00:01:35]} 32. Qb7+ {[%clk 00:15:42]} {[%emt 00:00:20]} Kg8
{[%clk 00:12:03]} {[%emt 00:03:47]} 33. Nc7 {[%clk 00:10:05]} {[%emt 00:06:07]}
Qd7 {[%clk 00:08:00]} {[%emt 00:04:32]} 34. Qb3+ {[%clk 00:10:01]} {[%emt
00:00:33]} Qf7 {[%clk 00:06:39]} {[%emt 00:01:52]} 35. Ne6 {[%clk 00:09:54]}
{[%emt 00:00:38]} h6 {[%emt 00:00:59]} 36. h3 {[%clk 00:07:58]} {[%emt
00:02:04]} Bg7 {[%clk 00:06:29]} {[%emt 00:00:33]} 37. Kg2 {[%clk 00:05:04]}
{[%emt 00:03:24]} Kh8 {[%clk 00:06:54]} {[%emt 00:00:04]} 38. Nxd4 {[%clk
00:04:23]} {[%emt 00:01:12]} Qxb3 {[%clk 00:07:15]} {[%emt 00:00:10]} 39. Nxb3
{[%clk 00:04:49]} {[%emt 00:00:04]} Kg8 {[%clk 00:07:19]} {[%emt 00:00:25]} 40.
Kf3 {[%clk 00:03:02]} {[%emt 00:02:16]} Kf7 {[%clk 00:07:32]} {[%emt 00:00:18]}
41. g4 {[%clk 00:02:47]} {[%emt 00:00:45]} Bf8 {[%clk 00:06:50]} {[%emt
00:01:11]} 42. Nd2 {[%clk 00:03:10]} {[%emt 00:00:07]} Ke6 {[%clk 00:06:52]}
{[%emt 00:00:29]} 43. Nf1 {[%clk 00:03:07]} {[%emt 00:00:32]} fxg4+ {[%clk
00:03:39]} {[%emt 00:03:44]} 44. Kxg4 {[%clk 00:03:15]} {[%emt 00:00:22]} Bc5
{[%clk 00:02:45]} {[%emt 00:01:24]} 45. Kf3 {[%clk 00:03:40]} {[%emt 00:00:05]}
h5 {[%clk 00:02:53]} {[%emt 00:00:22]} 46. Ng3 {[%clk 00:03:36]} {[%emt
00:00:34]} Be7 {[%clk 00:03:01]} {[%emt 00:00:22]} 47. Ke4 {[%clk 00:03:41]}
{[%emt 00:00:25]} Bh4 {[%clk 00:03:13]} {[%emt 00:00:17]} 48. e3 {[%clk
00:03:52]} {[%emt 00:00:19]} Kd6 {[%clk 00:03:21]} {[%emt 00:00:22]} 49. Kf3
{[%clk 00:04:19]} {[%emt 00:00:05]} Kd5 {[%clk 00:03:04]} {[%emt 00:00:46]} 50.
Ne4 {[%clk 00:04:42]} {[%emt 00:00:06]} Ke6 {[%clk 00:03:07]} {[%emt 00:00:27]}
51. Ke2 {[%clk 00:03:55]} {[%emt 00:01:17]} Be7 {[%clk 00:03:21]} {[%emt
00:00:16]} 52. Nd2 {[%clk 00:03:31]} {[%emt 00:00:55]} Kf5 {[%clk 00:03:20]}
{[%emt 00:00:30]} 53. Nf1 {[%clk 00:01:23]} {[%emt 00:02:38]} Bc5 {[%clk
00:02:57]} {[%emt 00:00:54]} 54. Ng3+ {[%clk 00:01:25]} {[%emt 00:00:27]} Ke6
{[%clk 00:03:19]} {[%emt 00:00:07]} 55. Kf3 {[%clk 00:01:36]} {[%emt 00:00:20]}
Be7 {[%clk 00:03:39]} {[%emt 00:00:10]} 56. Ne2 {[%clk 00:01:37]} {[%emt
00:00:29]} Kf5 {[%clk 00:03:11]} {[%emt 00:00:59]} 57. Kg3 {[%clk 00:01:19]}
{[%emt 00:00:48]} Bd6 {[%clk 00:02:53]} {[%emt 00:00:47]} 58. Kg2 {[%clk
00:01:23]} {[%emt 00:00:26]} Bc5 {[%clk 00:03:05]} {[%emt 00:00:18]} 59. e4+
{[%clk 00:00:35]} {[%emt 00:01:19]} Kg5 {[%clk 00:02:29]} {[%emt 00:01:06]} 60.
Kg3 {[%clk 00:01:04]} {[%emt 00:00:01]} Bd6 {[%clk 00:02:29]} {[%emt 00:00:30]}
61. Ng1 {[%clk 00:01:19]} {[%emt 00:00:15]} Kf6 {[%clk 00:02:39]} {[%emt
00:00:20]} 62. Nf3 {[%clk 00:01:47]} {[%emt 00:00:02]} Bc7 {[%clk 00:02:12]}
{[%emt 00:00:57]} 63. Kg2 {[%clk 00:02:00]} {[%emt 00:00:17]} Bb6 {[%clk
00:02:23]} {[%emt 00:00:19]} 64. Kg3 {[%clk 00:01:32]} {[%emt 00:00:58]} Bc7
{[%clk 00:02:46]} {[%emt 00:00:07]} 65. h4 {[%clk 00:01:36]} {[%emt 00:00:26]}
Bb6 {[%clk 00:02:51]} {[%emt 00:00:24]} 66. Ng5 {[%clk 00:02:03]} {[%emt
00:00:03]} Bc7 {[%clk 00:03:05]} {[%emt 00:00:16]} 67. Nh3 {[%clk 00:02:22]}
{[%emt 00:00:10]} Bb8 {[%clk 00:03:17]} {[%emt 00:00:20]} 68. f4 {[%clk
00:02:09]} {[%emt 00:00:43]} Bc7 {[%clk 00:01:32]} {[%emt 00:02:15]} 69. Kf3
{[%clk 00:01:34]} {[%emt 00:01:04]} Bd8 {[%clk 00:01:30]} {[%emt 00:00:33]} 70.
Ng5 {[%clk 00:00:46]} {[%emt 00:01:18]} Ba5 {[%clk 00:01:43]} {[%emt 00:00:16]}
71. Nh3 {[%clk 00:00:45]} {[%emt 00:00:32]} Be1 {[%clk 00:01:53]} {[%emt
00:00:19]} 72. fxe5+ {[%clk 00:01:09]} {[%emt 00:00:05]} Kxe5 {[%clk 00:02:19]}
{[%emt 00:00:06]} 73. Nf4 {[%clk 00:01:36]} {[%emt 00:00:03]} Kf6 {[%clk
00:02:15]} {[%emt 00:00:34]} 74. Ng2 {[%clk 00:01:51]} {[%emt 00:00:14]} Bc3
{[%clk 00:02:15]} {[%emt 00:00:29]} 75. Kf4 {[%clk 00:01:39]} {[%emt 00:00:43]}
Bb2 {[%clk 00:01:38]} {[%emt 00:01:08]} 76. Ne3 {[%clk 00:01:45]} {[%emt
00:00:24]} Be5+ {[%clk 00:01:56]} {[%emt 00:00:12]} 77. Kf3 {[%clk 00:02:13]}
{[%emt 00:00:01]} Ke6 {[%clk 00:02:00]} {[%emt 00:00:26]} 78. Nd5 {[%clk
00:02:36]} {[%emt 00:00:08]} Bb2 {[%clk 00:02:01]} {[%emt 00:00:29]} 79. Kf4
{[%clk 00:02:05]} {[%emt 00:01:01]} Bc1+ {[%clk 00:02:12]} {[%emt 00:00:20]} 80.
Ne3 {[%clk 00:02:01]} {[%emt 00:00:33]} Bb2 {[%clk 00:02:20]} {[%emt 00:00:22]}
81. Ng2 {[%clk 00:01:54]} {[%emt 00:00:37]} Bc1+ {[%clk 00:02:42]} {[%emt
00:00:08]} 82. Kf3 {[%clk 00:01:15]} {[%emt 00:01:09]} Ke5 {[%clk 00:02:50]}
{[%emt 00:00:22]} 83. Nf4 {[%clk 00:00:56]} {[%emt 00:00:46]} Kf6 {[%clk
00:02:47]} {[%emt 00:00:36]} 84. d4 {[%clk 00:01:10]} {[%emt 00:00:16]} Bb2
{[%clk 00:02:33]} {[%emt 00:00:42]} 85. e5+ {[%clk 00:01:20]} {[%emt 00:00:22]}
Kf5 {[%clk 00:02:45]} {[%emt 00:00:18]} 86. e6 {[%clk 00:00:37]} {[%emt
00:01:13]} Ba3 {[%clk 00:03:02]} {[%emt 00:00:13]} 87. d5 {[%clk 00:00:55]}
{[%emt 00:00:13]} Be7 {[%clk 00:03:07]} {[%emt 00:00:24]} 88. Ng2 {[%clk
00:00:47]} {[%emt 00:00:38]} Ke5 {[%clk 00:03:23]} {[%emt 00:00:14]} 89. Nf4
{[%clk 00:01:15]} {[%emt 00:00:02]} Bxh4 {[%clk 00:03:29]} {[%emt 00:00:23]} 90.
Nxg6+ {[%clk 00:01:01]} {[%emt 00:00:44]} 1/2-1/2

[Event "English Open Championship 2024"]
[Site "Holiday Inn, 212 Abbey End, Kenilworth CV8 1ED, United Kingdom"]
[Date "2024.06.22"]
[Round "6.4"]
[White "Wells, Peter K"]
[Black "Wadsworth, Matthew J"]
[Result "1-0"]
[TimeControl "G90 + 30secs/move"]
[WhiteFideId "400327"]
[BlackFideId "415804"]
[WhiteElo "2354"]
[BlackElo "2467"]

1. Nf3 {[%clk 01:30:28]} {[%emt 00:00:31]} d5 {[%clk 01:28:46]} {[%emt
00:02:15]} 2. d4 {[%clk 01:30:27]} {[%emt 00:00:31]} Nf6 {[%clk 01:29:03]}
{[%emt 00:00:13]} 3. c4 {[%clk 01:30:51]} {[%emt 00:00:06]} c6 {[%clk
01:29:27]} {[%emt 00:00:07]} 4. Nc3 {[%clk 01:30:58]} {[%emt 00:00:22]} dxc4
{[%clk 01:29:16]} {[%emt 00:00:41]} 5. a4 {[%clk 01:30:55]} {[%emt 00:00:33]}
Bf5 {[%clk 01:29:38]} {[%emt 00:00:08]} 6. Ne5 {[%clk 01:30:59]} {[%emt
00:00:26]} Nbd7 {[%clk 01:29:42]} {[%emt 00:00:26]} 7. Nxc4 {[%clk 01:31:13]}
{[%emt 00:00:16]} Qc7 {[%clk 01:30:06]} {[%emt 00:00:06]} 8. g3 {[%clk
01:30:20]} {[%emt 00:01:23]} e5 {[%clk 01:30:15]} {[%emt 00:00:22]} 9. dxe5
{[%clk 01:30:33]} {[%emt 00:00:16]} Nxe5 {[%clk 01:30:39]} {[%emt 00:00:07]} 10.
Bf4 {[%clk 01:30:56]} {[%emt 00:00:06]} Nfd7 {[%clk 01:31:02]} {[%emt
00:00:07]} 11. Qc1 {[%clk 01:29:45]} {[%emt 00:01:40]} f6 {[%clk 01:17:21]}
{[%emt 00:14:12]} 12. Bg2 {[%clk 01:27:39]} {[%emt 00:02:36]} Be6 {[%clk
01:15:33]} {[%emt 00:02:18]} 13. Nxe5 {[%clk 01:23:29]} {[%emt 00:04:40]} fxe5
{[%clk 01:15:45]} {[%emt 00:00:18]} 14. Be3 {[%clk 01:18:41]} {[%emt 00:05:18]}
Nc5 {[%clk 01:15:40]} {[%emt 00:00:35]} 15. Qc2 {[%clk 01:11:14]} {[%emt
00:07:57]} Bb3 {[%clk 01:15:30]} {[%emt 00:00:40]} 16. Qf5 {[%clk 01:06:36]}
{[%emt 00:05:07]} Be7 {[%clk 01:13:23]} {[%emt 00:02:38]} 17. O-O {[%clk
00:46:29]} {[%emt 00:20:38]} a5 {[%clk 01:01:17]} {[%emt 00:12:35]} 18. Rac1
{[%clk 00:27:21]} {[%emt 00:19:38]} g6 {[%clk 00:54:02]} {[%emt 00:07:45]} 19.
Qb1 {[%clk 00:25:59]} {[%emt 00:01:51]} O-O-O {[%clk 00:47:49]} {[%emt
00:06:43]} 20. Bxc5 {[%clk 00:18:21]} {[%emt 00:08:08]} Bxc5 {[%clk 00:48:11]}
{[%emt 00:00:08]} 21. Ne4 {[%clk 00:18:43]} {[%emt 00:00:08]} Bb4 {[%clk
00:45:44]} {[%emt 00:02:57]} 22. Nc5 {[%clk 00:19:03]} {[%emt 00:00:10]} Bd5
{[%clk 00:42:05]} {[%emt 00:04:09]} 23. Rfd1 {[%clk 00:15:14]} {[%emt
00:04:19]} Bxg2 {[%clk 00:38:50]} {[%emt 00:03:45]} 24. Rxd8+ {[%clk 00:15:32]}
{[%emt 00:00:12]} Qxd8 {[%clk 00:38:03]} {[%emt 00:01:17]} 25. Kxg2 {[%clk
00:15:43]} {[%emt 00:00:19]} Qd2 {[%clk 00:34:55]} {[%emt 00:03:38]} 26. Qa2
{[%clk 00:10:11]} {[%emt 00:06:03]} Kb8 {[%clk 00:15:01]} {[%emt 00:20:24]} 27.
Qf7 {[%clk 00:08:43]} {[%emt 00:01:57]} Bxc5 {[%clk 00:14:32]} {[%emt
00:00:59]} 28. Rxc5 {[%clk 00:09:06]} {[%emt 00:00:07]} Qxe2 {[%clk 00:07:34]}
{[%emt 00:07:28]} 29. Qf6 {[%clk 00:08:18]} {[%emt 00:01:18]} Qe4+ {[%clk
00:07:21]} {[%emt 00:00:43]} 30. Kh3 {[%clk 00:06:23]} {[%emt 00:02:25]} Re8
{[%clk 00:04:02]} {[%emt 00:03:49]} 31. Qd6+ {[%clk 00:06:26]} {[%emt
00:00:27]} Ka7 {[%clk 00:03:59]} {[%emt 00:00:34]} 32. Qc7 {[%clk 00:01:53]}
{[%emt 00:05:02]} Qf5+ {[%clk 00:04:19]} {[%emt 00:00:10]} 33. Kg2 {[%clk
00:02:17]} {[%emt 00:00:06]} Qe4+ {[%clk 00:04:43]} {[%emt 00:00:06]} 34. f3
{[%clk 00:00:44]} {[%emt 00:02:04]} Qe2+ {[%clk 00:04:54]} {[%emt 00:00:18]} 35.
Kh3 {[%clk 00:01:01]} {[%emt 00:00:14]} Qf1+ {[%clk 00:05:17]} {[%emt
00:00:06]} 36. Kg4 {[%clk 00:01:23]} {[%emt 00:00:08]} h5+ {[%clk 00:05:31]}
{[%emt 00:00:16]} 37. Kg5 {[%clk 00:01:47]} {[%emt 00:00:06]} 1-0

[Event "English Open Championship 2024"]
[Site "Holiday Inn, 212 Abbey End, Kenilworth CV8 1ED, United Kingdom"]
[Date "2024.06.22"]
[Round "6.5"]
[White "Boswell, Jacob Connor"]
[Black "Willow, Jonah B"]
[Result "0-1"]
[TimeControl "G90 + 30secs/move"]
[WhiteFideId "427110"]
[BlackFideId "438804"]
[WhiteElo "2274"]
[BlackElo "2422"]

1. d4 {[%clk 01:30:58]} {[%emt 00:00:01]} Nf6 {[%clk 01:25:52]} {[%emt
00:05:08]} 2. c4 {[%clk 01:31:21]} {[%emt 00:00:08]} e6 {[%clk 01:26:13]}
{[%emt 00:00:09]} 3. Nf3 {[%clk 01:31:37]} {[%emt 00:00:13]} d5 {[%clk
01:26:25]} {[%emt 00:00:19]} 4. Nc3 {[%clk 01:31:57]} {[%emt 00:00:09]} c6
{[%clk 01:26:10]} {[%emt 00:00:45]} 5. e3 {[%clk 01:31:52]} {[%emt 00:00:35]}
Nbd7 {[%clk 01:26:14]} {[%emt 00:00:26]} 6. Be2 {[%clk 01:26:50]} {[%emt
00:05:33]} Bd6 {[%clk 01:26:31]} {[%emt 00:00:13]} 7. O-O {[%clk 01:26:05]}
{[%emt 00:01:15]} O-O {[%clk 01:26:56]} {[%emt 00:00:05]} 8. b3 {[%clk
01:25:45]} {[%emt 00:00:49]} Ne4 {[%clk 01:27:03]} {[%emt 00:00:24]} 9. Bb2
{[%clk 01:21:29]} {[%emt 00:04:46]} f5 {[%clk 01:27:14]} {[%emt 00:00:19]} 10.
Qc2 {[%clk 01:11:56]} {[%emt 00:10:03]} Qe7 {[%clk 01:18:55]} {[%emt 00:08:48]}
11. Bd3 {[%clk 00:56:15]} {[%emt 00:16:11]} g5 {[%clk 01:12:50]} {[%emt
00:06:36]} 12. Ne2 {[%clk 00:54:59]} {[%emt 00:01:45]} Qg7 {[%clk 01:11:10]}
{[%emt 00:02:10]} 13. Rae1 {[%clk 00:32:25]} {[%emt 00:23:04]} g4 {[%clk
00:59:46]} {[%emt 00:11:53]} 14. Nd2 {[%clk 00:32:37]} {[%emt 00:00:18]} Qh6
{[%clk 00:59:40]} {[%emt 00:00:36]} 15. Nf4 {[%clk 00:30:30]} {[%emt 00:02:37]}
Rf6 {[%clk 00:56:41]} {[%emt 00:03:29]} 16. Re2 {[%clk 00:15:42]} {[%emt
00:15:18]} Nf8 {[%clk 00:51:12]} {[%emt 00:05:59]} 17. g3 {[%clk 00:15:00]}
{[%emt 00:01:13]} Bb4 {[%clk 00:43:32]} {[%emt 00:08:09]} 18. Bxe4 {[%clk
00:13:03]} {[%emt 00:02:27]} fxe4 {[%clk 00:43:56]} {[%emt 00:00:06]} 19. Bc3
{[%clk 00:10:06]} {[%emt 00:03:27]} Bd6 {[%clk 00:43:19]} {[%emt 00:01:07]} 20.
Rb1 {[%clk 00:09:52]} {[%emt 00:00:44]} Bd7 {[%clk 00:38:47]} {[%emt 00:05:02]}
21. b4 {[%clk 00:09:53]} {[%emt 00:00:29]} b5 {[%clk 00:38:54]} {[%emt
00:00:23]} 22. cxd5 {[%clk 00:08:22]} {[%emt 00:02:01]} cxd5 {[%clk 00:31:09]}
{[%emt 00:08:15]} 23. Nf1 {[%clk 00:08:34]} {[%emt 00:00:17]} Rc8 {[%clk
00:28:00]} {[%emt 00:03:40]} 24. Qb3 {[%clk 00:06:39]} {[%emt 00:02:25]} Be8
{[%clk 00:27:43]} {[%emt 00:00:48]} 25. Rc2 {[%clk 00:06:30]} {[%emt 00:00:38]}
Rc4 {[%clk 00:27:27]} {[%emt 00:00:46]} 26. Be1 {[%clk 00:05:54]} {[%emt
00:01:05]} Nd7 {[%clk 00:26:36]} {[%emt 00:01:22]} 27. Rxc4 {[%clk 00:05:20]}
{[%emt 00:01:04]} dxc4 {[%clk 00:24:33]} {[%emt 00:02:33]} 28. Qc2 {[%clk
00:03:54]} {[%emt 00:01:57]} Nb6 {[%clk 00:24:23]} {[%emt 00:00:39]} 29. Qxe4
{[%clk 00:03:24]} {[%emt 00:01:01]} Bxf4 {[%clk 00:24:33]} {[%emt 00:00:20]} 30.
exf4 {[%clk 00:01:47]} {[%emt 00:02:07]} Bg6 {[%clk 00:24:59]} {[%emt
00:00:04]} 31. Qc6 {[%clk 00:00:50]} {[%emt 00:01:26]} Bxb1 {[%clk 00:25:23]}
{[%emt 00:00:07]} 0-1

[Event "English Open Championship 2024"]
[Site "Holiday Inn, 212 Abbey End, Kenilworth CV8 1ED, United Kingdom"]
[Date "2024.06.22"]
[Round "6.6"]
[White "Graham, David B"]
[Black "Roberson, Peter T"]
[Result "0-1"]
[TimeControl "G90 + 30secs/move"]
[WhiteFideId "408131"]
[BlackFideId "412384"]
[WhiteElo "2149"]
[BlackElo "2420"]

1. e4 {[%clk 01:30:58]} {[%emt 00:00:01]} c5 {[%clk 01:30:55]} {[%emt
00:00:05]} 2. Nf3 {[%clk 01:31:14]} {[%emt 00:00:14]} d6 {[%clk 01:31:20]}
{[%emt 00:00:05]} 3. d4 {[%clk 01:31:33]} {[%emt 00:00:11]} cxd4 {[%clk
01:31:45]} {[%emt 00:00:05]} 4. Nxd4 {[%clk 01:32:00]} {[%emt 00:00:03]} Nf6
{[%clk 01:32:08]} {[%emt 00:00:07]} 5. Nc3 {[%clk 01:32:26]} {[%emt 00:00:04]}
Nc6 {[%clk 01:32:34]} {[%emt 00:00:05]} 6. Be2 {[%clk 01:31:00]} {[%emt
00:01:55]} e5 {[%clk 01:32:18]} {[%emt 00:00:46]} 7. Nb3 {[%clk 01:31:04]}
{[%emt 00:00:26]} Be7 {[%clk 01:32:40]} {[%emt 00:00:08]} 8. O-O {[%clk
01:30:46]} {[%emt 00:00:49]} O-O {[%clk 01:32:12]} {[%emt 00:00:57]} 9. f4
{[%clk 01:24:27]} {[%emt 00:06:50]} a5 {[%clk 01:30:36]} {[%emt 00:02:06]} 10.
a4 {[%clk 01:20:19]} {[%emt 00:04:38]} Nb4 {[%clk 01:30:54]} {[%emt 00:00:11]}
11. Be3 {[%clk 01:13:56]} {[%emt 00:06:53]} Be6 {[%clk 01:23:00]} {[%emt
00:08:25]} 12. f5 {[%clk 01:07:12]} {[%emt 00:07:13]} Bd7 {[%clk 01:23:19]}
{[%emt 00:00:10]} 13. Bg5 {[%clk 00:56:49]} {[%emt 00:10:54]} Rc8 {[%clk
01:14:33]} {[%emt 00:09:17]} 14. Nc1 {[%clk 00:53:28]} {[%emt 00:03:51]} Bc6
{[%clk 01:01:22]} {[%emt 00:13:41]} 15. Bxf6 {[%clk 00:50:57]} {[%emt
00:03:01]} Bxf6 {[%clk 01:01:49]} {[%emt 00:00:03]} 16. Nd3 {[%clk 00:51:10]}
{[%emt 00:00:17]} Qb6+ {[%clk 01:00:32]} {[%emt 00:01:47]} 17. Kh1 {[%clk
00:51:27]} {[%emt 00:00:12]} Rfd8 {[%clk 01:00:50]} {[%emt 00:00:12]} 18. Bf3
{[%clk 00:44:07]} {[%emt 00:07:51]} Bg5 {[%clk 00:54:48]} {[%emt 00:06:31]} 19.
Ra3 {[%clk 00:41:01]} {[%emt 00:03:36]} Qa6 {[%clk 00:38:23]} {[%emt 00:16:56]}
20. Rb3 {[%clk 00:37:42]} {[%emt 00:03:49]} Nxc2 {[%clk 00:32:04]} {[%emt
00:06:49]} 21. Qxc2 {[%clk 00:34:21]} {[%emt 00:03:51]} Bxa4 {[%clk 00:32:30]}
{[%emt 00:00:04]} 22. Be2 {[%clk 00:31:57]} {[%emt 00:02:55]} Qc4 {[%clk
00:29:18]} {[%emt 00:03:41]} 23. Nc1 {[%clk 00:31:04]} {[%emt 00:01:22]} Qc6
{[%clk 00:29:03]} {[%emt 00:00:45]} 24. Qd3 {[%clk 00:19:27]} {[%emt 00:12:08]}
Bxc1 {[%clk 00:25:35]} {[%emt 00:03:58]} 25. Nxa4 {[%clk 00:18:04]} {[%emt
00:01:53]} Qxa4 {[%clk 00:25:47]} {[%emt 00:00:18]} 26. Rxb7 {[%clk 00:18:25]}
{[%emt 00:00:09]} Qc6 {[%clk 00:13:26]} {[%emt 00:12:51]} 27. Qb3 {[%clk
00:16:56]} {[%emt 00:01:59]} Rc7 {[%clk 00:12:05]} {[%emt 00:01:51]} 28. Rxc7
{[%clk 00:16:34]} {[%emt 00:00:53]} Qxc7 {[%clk 00:12:33]} {[%emt 00:00:02]} 29.
Bh5 {[%clk 00:10:04]} {[%emt 00:06:59]} Bd2 {[%clk 00:06:27]} {[%emt 00:06:37]}
30. Rd1 {[%clk 00:09:10]} {[%emt 00:01:23]} Bb4 {[%clk 00:06:44]} {[%emt
00:00:14]} 31. h3 {[%clk 00:08:28]} {[%emt 00:01:11]} Rc8 {[%clk 00:06:01]}
{[%emt 00:01:13]} 32. Qd5 {[%clk 00:08:25]} {[%emt 00:00:33]} Kf8 {[%clk
00:06:09]} {[%emt 00:00:22]} 33. Kh2 {[%clk 00:06:38]} {[%emt 00:02:17]} g6
{[%clk 00:04:25]} {[%emt 00:02:14]} 34. fxg6 {[%clk 00:06:47]} {[%emt
00:00:21]} hxg6 {[%clk 00:04:25]} {[%emt 00:00:30]} 35. Bg4 {[%clk 00:07:03]}
{[%emt 00:00:14]} Rb8 {[%clk 00:04:21]} {[%emt 00:00:34]} 36. Rf1 {[%clk
00:06:44]} {[%emt 00:00:49]} Kg7 {[%clk 00:04:35]} {[%emt 00:00:16]} 37. Be2
{[%clk 00:06:16]} {[%emt 00:00:58]} Rf8 {[%clk 00:02:54]} {[%emt 00:02:11]} 38.
Bc4 {[%clk 00:05:59]} {[%emt 00:00:47]} Qe7 {[%clk 00:03:21]} {[%emt 00:00:03]}
39. Rf3 {[%clk 00:04:47]} {[%emt 00:01:42]} Bc5 {[%clk 00:03:37]} {[%emt
00:00:14]} 40. b3 {[%clk 00:03:49]} {[%emt 00:01:28]} Bb6 {[%clk 00:03:36]}
{[%emt 00:00:31]} 41. Rf1 {[%clk 00:03:45]} {[%emt 00:00:34]} Qc7 {[%clk
00:03:30]} {[%emt 00:00:37]} 42. Rf3 {[%clk 00:03:55]} {[%emt 00:00:20]} Ba7
{[%clk 00:03:38]} {[%emt 00:00:22]} 43. Rf1 {[%clk 00:03:59]} {[%emt 00:00:24]}
Be3 {[%clk 00:03:45]} {[%emt 00:00:24]} 44. Rf3 {[%clk 00:03:43]} {[%emt
00:00:47]} Bf4+ {[%clk 00:03:51]} {[%emt 00:00:24]} 45. g3 {[%clk 00:04:04]}
{[%emt 00:00:08]} Bc1 {[%clk 00:03:47]} {[%emt 00:00:34]} 46. h4 {[%clk
00:03:54]} {[%emt 00:00:40]} Ba3 {[%clk 00:03:07]} {[%emt 00:01:11]} 47. Rf1
{[%clk 00:03:42]} {[%emt 00:00:40]} Bc5 {[%clk 00:03:22]} {[%emt 00:00:16]} 48.
Rf3 {[%clk 00:03:40]} {[%emt 00:00:32]} Qe7 {[%clk 00:02:12]} {[%emt 00:01:40]}
49. Kg2 {[%clk 00:03:48]} {[%emt 00:00:22]} f5 {[%clk 00:01:08]} {[%emt
00:01:34]} 50. Kh3 {[%clk 00:00:49]} {[%emt 00:03:30]} fxe4 {[%clk 00:00:46]}
{[%emt 00:00:51]} 51. Qxe4 {[%clk 00:01:01]} {[%emt 00:00:18]} Rxf3 {[%clk
00:00:45]} 52. Qxf3 {[%clk 00:01:27]} {[%emt 00:00:35]} e4 {[%clk 00:01:09]}
{[%emt 00:00:07]} 53. Qc3+ {[%clk 00:01:40]} {[%emt 00:00:16]} Qf6 {[%clk
00:01:36]} {[%emt 00:00:03]} 54. Qxf6+ {[%clk 00:01:21]} {[%emt 00:00:49]} Kxf6
{[%clk 00:02:05]} {[%emt 00:00:02]} 55. g4 {[%clk 00:01:34]} {[%emt 00:00:16]}
Ke5 {[%clk 00:01:59]} {[%emt 00:00:37]} 56. h5 {[%clk 00:01:32]} {[%emt
00:00:32]} gxh5 {[%clk 00:02:25]} {[%emt 00:00:04]} 57. gxh5 {[%clk 00:01:59]}
{[%emt 00:00:02]} d5 {[%clk 00:02:46]} {[%emt 00:00:09]} 58. h6 {[%clk
00:02:08]} {[%emt 00:00:22]} Bf8 {[%clk 00:02:32]} {[%emt 00:00:44]} 59. h7
{[%clk 00:02:33]} {[%emt 00:00:04]} Bg7 {[%clk 00:03:01]} 60. Bb5 {[%clk
00:02:23]} {[%emt 00:00:40]} Kd4 {[%clk 00:01:41]} {[%emt 00:01:51]} 61. Kg2
{[%clk 00:02:36]} {[%emt 00:00:17]} Kc3 {[%clk 00:01:32]} {[%emt 00:00:39]} 62.
Bc6 {[%clk 00:02:55]} {[%emt 00:00:10]} e3 {[%clk 00:01:27]} {[%emt 00:00:35]}
63. Kf3 {[%clk 00:00:47]} {[%emt 00:02:39]} Kd2 {[%clk 00:01:52]} {[%emt
00:00:05]} 64. Bb5 {[%clk 00:00:54]} {[%emt 00:00:23]} d4 {[%clk 00:02:10]}
{[%emt 00:00:12]} 0-1